Guess the Taylor Swift Song with No Hints - 10 - Statistics

General Stats
  • This quiz has been taken 51 times
  • The average score is 347 of 435
Answer Stats
Answer % Correct
a
100%
an
97%
I
97%
we
97%
and
92%
And
92%
me
92%
me,
92%
so
92%
the
92%
to
92%
you
92%
You
92%
is
90%
when
90%
don't
87%
it
87%
My
87%
my
87%
on
87%
They
87%
they
87%
want
87%
by
85%
in
85%
know
85%
like
85%
of
85%
that
85%
this
85%
your
85%
Your
85%
could
82%
I'm
82%
just
82%
no
82%
All
79%
all
79%
best
79%
bought
79%
But
79%
dress
79%
friend
79%
got
79%
if
79%
off
79%
Only
79%
take
79%
Take
79%
There
79%
were
79%
we're
79%
are
77%
at
77%
back
77%
'Cause
77%
even
77%
Even
77%
not
77%
Our
77%
Say
77%
about
74%
from
74%
get
74%
into
74%
Now
74%
up
74%
us
74%
everything
72%
golden
72%
idea
72%
name
72%
shape
72%
stops
72%
tattoo
72%
time
72%
can't
69%
hands
69%
kiss
69%
nothing
69%
room
69%
shaking
69%
thinks
69%
try
69%
burned,
67%
Carve
67%
crowded
67%
electrified
67%
Everyone
67%
gonna
67%
indentation
67%
least
67%
secret
67%
see
67%
side
67%
waiting
67%
worst
67%
(ah, ah, ah)
64%
anticipation
64%
face
64%
holding
64%
Made
64%
mark
64%
moments
64%
pining
64%
saw
64%
silence
64%
wake
64%
wine
64%
woke
64%
bathtub
62%
bedpost
62%
both
62%
buzzcut
62%
desperately
62%
drunk
62%
Flashback
62%
met
62%
mistakes
62%
spilling
62%
truth
62%
bleached
59%
earthquakes
59%
explain
59%
hair
59%
patience,
59%
rebounds,
59%
shake,
59%
times
59%
lies
56%
Inescapable,
41%
(ah, ha, ha, ha)
15%
ah, ha, ha, ha
15%
No matching quizzes found
Score Distribution
Percent of People with Each Score
Percentile by Number Answered
Your Score History
You have not taken this quiz